Catálogo
 En Linea

Semantica política / (Registro nro. 46993)

Detalles MARC
000 -CABECERA
campo de control de longitud fija 00573nam a2200169 a 4500
001 - NÚMERO DE CONTROL
campo de control 000047505
005 - FECHA Y HORA DE LA ÚLTIMA TRANSACCIÓN
campo de control 20201002060557.0
008 - DATOS DE LONGITUD FIJA--INFORMACIÓN GENERAL
campo de control de longitud fija 180613s198u dr ac 000 0 spa d
040 ## - FUENTE DE LA CATALOGACIÓN
Centro catalogador/agencia de origen DO-SdBNP
Lengua de catalogación spa
Centro/agencia transcriptor BNPHU
082 ## - NÚMERO DE LA CLASIFICACIÓN DECIMAL DEWEY
Número de clasificación xxx
Número de documento/Ítem xxxx
100 1# - ENTRADA PRINCIPAL--NOMBRE DE PERSONA
Nombre de persona Conrado Cedeño, Luis
9 (RLIN) 68606
245 10 - MENCIÓN DE TÍTULO
Título Semantica política /
Mención de responsabilidad, etc. Luis Conrado Cedeño.
246 10 - FORMA VARIANTE DE TÍTULO
Título propio/Titulo breve Semantica política
Resto del título o vocabulario de la revolución democrática /
-- Luis Conrado Cedeño
260 ## - PUBLICACIÓN, DISTRIBUCIÓN, ETC.
Lugar de publicación, distribución, etc. Santo Domingo, :
Nombre del editor, distribuidor, etc. [s.d.],
Fecha de publicación, distribución, etc. [198-.].
300 ## - DESCRIPCIÓN FÍSICA
Extensión 177 p. :
Otras características físicas il., retrs. ;
Dimensiones 17 cm.
590 ## - NOTA LOCAL (RLIN)
Nota local Inventariado, 2018/ YL
Existencias
Estado de retiro Estado de pérdida No para préstamo Código de colección Localización permanente Ubicación/localización actual Ubicación en estantería Fecha de adquisición Número de inventario Total de préstamos Signatura topográfica completa Código de barras Fecha visto por última vez Precio válido a partir de Tipo de ítem Koha
    Excluido de préstamo Patrimonio Dominicano Patrimonio Dominicano Patrimonio Dominicano En catalogación 13.06.2018 LF1   xxx xxxx 47505-10 25.06.2020 25.06.2020 Libro y Folleto Colección Patrimonio Dominicano
      Patrimonio Dominicano Patrimonio Dominicano Patrimonio Dominicano Orden iniciada 13.06.2018 LF1   xxx xxxx 47506-10 25.06.2020 25.06.2020 Libro y Folleto Colección Patrimonio Dominicano

Con tecnología Koha